000 00402nam a2200145 u 4500
001 000020725
005 20200930011142.0
008 100813s1982 dr r 000 0 spa d
040 _aDO-SdBNP
_bspa
_cBPJMB
082 _axxxx
_bR724h
100 1 _aRogers, Alberto
_943478
245 1 0 _aHombre-cosmos /
_cAlberto Rogers.
260 _aSanto Domingo :
_bAmigo del hogar ,
_c1982.
300 _a236 p. ; :
_bcm.
999 _c20229
_d20229